000 00456nam a22001337a 4500
008 140822b xxu||||| |||| 00| 0 eng d
020 _a0406090742
050 _aKD275.4.L393
245 _aThe Law Reports, Appeal Cases(1878-79 vol.4): Appeal Cases before the House of Lords and the Judicial Committee. /
260 _aLondon:
_bButterworth & Co. Ltd,
_c1879.
300 _aix, 843p.
_c24cm.
440 _pAppeal cases,1878 to 1879
_vVol. 4
942 _2lcc
_cBK
999 _c3668
_d11168